| 000 | 00673nam a2200241Ia 4500 | ||
|---|---|---|---|
| 005 | 20260430150717.0 | ||
| 008 | 008 250103s9999 xx 000 0 eng d | ||
| 037 | _aTheses | ||
| 040 | _aCRL | ||
| 040 | _beng | ||
| 040 | _ceng | ||
| 041 | _2eng | ||
| 041 | _aeng | ||
| 084 | _qCRL | ||
| 100 | _aPriyanka Au. | ||
| 245 | 0 | _aAdaptation Along the Altitudinal Gradient as Deciphered by Genetic Diversity, Transcriptome, and Reproductive Studies in Primula Denticulata Sm | |
| 260 | _c2024 | ||
| 300 | _a203p. | ||
| 650 | _aBotany | ||
| 700 |
_aUniversity of Delhi. Faculty of Science. Deptt. of Botany _91237477 |
||
| 942 | _cTH | ||
| 999 |
_c1850439 _d1850439 |
||